Logo marque française - Statistiques

Statistiques générales
  • Ce quiz a été pris 1 119 fois
  • Le résultat moyen est 13 sur 16
Statistiques - réponses
Par images Réponse % Correct
Lacoste
100%
BIC
99%
Carrefour
98%
Michelin
97%
Louis vuitton
96%
Yves Saint Laurent
96%
Renault
95%
Peugeot
94%
Chanel
93%
Crédit Agricole
91%
Total Energie
90%
Hermès
84%
BNP Paribas
73%
Citroen
70%
EDF
59%
Airbus
8%
Aucun quiz correspondant
Distribution des résultats
% des personnes avec chaque résultat
Percentile par nombre de réponses
Votre historique - résultats
Vous n’avez pas pris ce quiz